Statistics for Historical Dates 2

Click here to take the quiz!

General Stats

  • This quiz has been taken 61 times
  • The average score is 5 of 15

Answer Stats

EventYear% Correct
The War of 1812 ends1815
77%
The Warsaw Pact is signed1955
58%
The Unification of Germany (not the unification of West and East Germany)1871
56%
The fall of the Byzantine Empire1453
50%
The Battle of Little Bighorn1876
42%
The Unification of Italy1861
40%
The Holy Roman Empire is dissolved1806
35%
The Western Roman Empire falls476
35%
The Wars of the Roses end1485
31%
The First Crusade starts1096
29%
Martin Luther is born1483
27%
The Great Northern War starts1700
21%
The Battle of White Mountain1620
10%
The Teutonic Order is established1190
8%
The Franco-Spanish War starts1635
4%

Score Distribution

Percentile by Number Answered

Percent of People with Each Score

Your Score History

You have not taken this quiz